Das Grösste auf Erden (Record no. 164949)

MARC details
000 -LEADER
campo de control de longitud fija 00731nam a2200217 i 4500
001 - NÚMERO DE CONTROL
campo de control 164949
003 - IDENTIFICADOR DE NÚMERO DE CONTROL
campo de control ES-MaACL
005 - FECHA Y HORA DE LA ÚLTIMA TRANSACCIÓN
campo de control 20230906213034.0
008 - DATOS DE LONGITUD FIJA--INFORMACIÓN GENERAL
campo de control de longitud fija 050810m18801900gw | |||||||| ||ger d
040 ## - FUENTE DE CATALOGACIÓN
Centro catalogador/agencia de origen CAM
Lengua de catalogación spa
Centro/agencia transcriptor CAM
100 1# - ENTRADA PRINCIPAL--NOMBRE DE PERSONA
Nombre de persona Schobert, H.
9 (RLIN) 132562
245 14 - MENCIÓN DEL TÍTULO
Título Das Grösste auf Erden
Resto del título : eine Geschichte vom Stande /
Mención de responsabilidad, etc. von H. Schobert.
260 ## - PUBLICACIÓN, DISTRIBUCIÓN, ETC.
Lugar de publicación, distribución, etc. Berlin :
Nombre del editor, distribuidor, etc. Otto Janke,
Fecha de publicación, distribución, etc. [s.a.]
300 ## - DESCRIPCIÓN FÍSICA
Extensión 132 p. ;
Dimensiones 20 cm.
490 1# - MENCIÓN DE SERIE
Mención de serie Collection Otto Janke
594 ## - Nota al título y mención de responsabilidad
Nota al título y mención de responsabilidad Letra gótica.
596 ## - NOTA AL PIE DE IMPRENTA
NOTA AL PIE DE IMPRENTA Probablemente impreso en las últimas décadas del siglo XIX.
830 0# - PUNTO DE ACCESO ADICIONAL DE SERIE-TÍTULO UNIFORME
Título uniforme Collection Otto Janke
9 (RLIN) 222386
852 ## - LOCALIZACIÓN
Ubicación ES-MaACL
Número de control de estantería D-2500
condición física -- Legado M. de la Fuente
Nota libre -- Rust. muy deteriorada
Holdings
Estatus retirado Estado de pérdida Estado de daño No para préstamo Biblioteca de origen Biblioteca actual Ubicación en estantería Fecha de adquisición Fuente de adquisición Total de préstamos Signatura topográfica completa Código de barras Visto por última vez Precio de reemplazo Tipo de ítem Koha
        Biblioteca del Ateneo de Madrid Biblioteca del Ateneo de Madrid Sala Valle Inclán 17/01/2008     D-2500 901172915 23/02/2023 23/02/2023 Libro impreso